Teotihuacán (Record no. 10063)

MARC details
000 -CABECERA
campo de control de longitud fija 00727nam a2200229 a 4500
001 - NÚMERO DE CONTROL
campo de control BRL_1251
005 - FECHA Y HORA DE LA ÚLTIMA TRANSACCIÓN
campo de control 20190320211119.0
008 - DATOS DE LONGITUD FIJA--INFORMACIÓN GENERAL
campo de control de longitud fija 051213s1963----mx-ae#####---#000-0#spa-#
041 ## - CÓDIGO DE LENGUA
Código de lengua del texto/banda sonora o título independiente spa
044 ## - CÓDIGO DEL PAÍS DE LA ENTIDAD EDITORA/PRODUCTORA
Código MARC del país mx
050 #4 - SIGNATURA TOPOGRÁFICA DE LA BIBLIOTECA DEL CONGRESO
Número de clasificación F1219.1.T27
Número de documento/Ítem .B47 1963
100 1# - ENTRADA PRINCIPAL--NOMBRE DE PERSONA
Nombre de persona Bernal, Ignacio
9 (RLIN) 778
245 10 - MENCIÓN DE TÍTULO
Título Teotihuacán
Mención de responsabilidad, etc. por Ignacio Bernal.
260 ## - PUBLICACIÓN, DISTRIBUCIÓN, ETC.
Lugar de publicación, distribución, etc. México
Nombre del editor, distribuidor, etc. INAH
Fecha de publicación, distribución, etc. 1963
300 ## - DESCRIPCIÓN FÍSICA
Extensión 53 p.
Otras características físicas il., 8 láminas, 7 plegables, planos
Dimensiones 27 cm.
500 ## - NOTA GENERAL
Nota general Título de cubierta: Teotihuacán: descubrimientos, reconstrucciones
500 ## - NOTA GENERAL
Nota general Estado físico: lomo despegado y un plano plegable suelto
500 ## - NOTA GENERAL
Nota general Au1458
651 #4 - PUNTO DE ACCESO ADICIONAL DE MATERIA--NOMBRE GEOGRÁFICO
Nombre geográfico Teotihuacán Sitio (San Juan Teotihuacán, México)
9 (RLIN) 24316
902 ## - CATALOGADOR
Iniciales GRL
942 ## - ELEMENTOS DE PUNTO DE ACCESO ADICIONAL (KOHA)
Fuente del sistema de clasificación o colocación Library of Congress Classification
Tipo de ítem Koha Libros
Holdings
Estado de retiro Estado de pérdida Estado dañado No para préstamo Localización permanente Ubicación/localización actual Fecha de adquisición Número de inventario Total de préstamos Signatura topográfica completa Código de barras Fecha visto por última vez Precio válido a partir de Tipo de ítem Koha
El ejemplar forma parte de la colección y puede ser consultado según las políticas vigentes.       Biblioteca Centro de Estudios Ruth D. Lechuga Biblioteca Centro de Estudios Ruth D. Lechuga 05/12/2013 Au1458   F1219.1.T27 .B47 1963 (Au1458) GRL01369 22/03/2019 22/03/2019 Libros